<?xml version="1.0" encoding="UTF-8"?>
<record
    xmlns:xsi="http://www.w3.org/2001/XMLSchema-instance"
    xsi:schemaLocation="http://www.loc.gov/MARC21/slim http://www.loc.gov/standards/marcxml/schema/MARC21slim.xsd"
    xmlns="http://www.loc.gov/MARC21/slim">

  <leader>01027nam a22002177a 4500</leader>
  <datafield tag="999" ind1=" " ind2=" ">
    <subfield code="c">4605</subfield>
    <subfield code="d">4605</subfield>
  </datafield>
  <controlfield tag="001">10781</controlfield>
  <controlfield tag="003">BD-DhUAP</controlfield>
  <controlfield tag="005">20201115142742.0</controlfield>
  <controlfield tag="008">201115s2007    bg a     b    001 0 ben d</controlfield>
  <datafield tag="020" ind1=" " ind2=" ">
    <subfield code="a">9840802216</subfield>
  </datafield>
  <datafield tag="040" ind1=" " ind2=" ">
    <subfield code="a">DLC</subfield>
    <subfield code="c">DLC</subfield>
    <subfield code="b">Ben</subfield>
    <subfield code="d">BD-DhUAP</subfield>
  </datafield>
  <datafield tag="082" ind1="0" ind2="0">
    <subfield code="2">23</subfield>
    <subfield code="a">362.1109 AHM</subfield>
  </datafield>
  <datafield tag="100" ind1=" " ind2=" ">
    <subfield code="a">&#x986;&#x9B9;&#x9AE;&#x9C7;&#x9A6;, &#x9B6;&#x9B0;&#x9C0;&#x9AB; &#x989;&#x9A6;&#x9CD;&#x9A6;&#x9BF;&#x9A8;&#x964;</subfield>
  </datafield>
  <datafield tag="245" ind1="1" ind2="0">
    <subfield code="a">&#x9AE;&#x9BF;&#x99F;&#x9AB;&#x9CB;&#x9B0;&#x9CD;&#x9A1; &#x9B9;&#x9BE;&#x9B8;&#x9AA;&#x9BE;&#x9A4;&#x9BE;&#x9B2; &#x993; &#x9A2;&#x9BE;&#x995;&#x9BE; &#x9AE;&#x9C7;&#x9A1;&#x9BF;&#x995;&#x9C7;&#x9B2; &#x9B8;&#x9CD;&#x995;&#x9C1;&#x9B2; : </subfield>
    <subfield code="b">&#x987;&#x9A4;&#x9BF;&#x9B9;&#x9BE;&#x9B8; &#x993; &#x990;&#x9A4;&#x9BF;&#x9B9;&#x9CD;&#x9AF; (&#x9E7;&#x9EE;&#x9EB;&#x9EE;-&#x9E7;&#x9EF;&#x9EA;&#x9ED;) /</subfield>
    <subfield code="c">&#x9B6;&#x9B0;&#x9C0;&#x9AB; &#x989;&#x9A6;&#x9CD;&#x9A6;&#x9BF;&#x9A8; &#x986;&#x9B9;&#x9AE;&#x9C7;&#x9A6;&#x964;</subfield>
  </datafield>
  <datafield tag="260" ind1=" " ind2=" ">
    <subfield code="a">&#x9A2;&#x9BE;&#x995;&#x9BE; :</subfield>
    <subfield code="b">&#x98F;&#x995;&#x9BE;&#x9A1;&#x9C7;&#x9AE;&#x9BF;&#x995; &#x9AA;&#x9CD;&#x9B0;&#x9C7;&#x9B8; &#x98F;&#x9A8;&#x9CD;&#x9A1; &#x9AA;&#x9BE;&#x9AC;&#x9B2;&#x9BF;&#x9B6;&#x9BE;&#x9B0;&#x9CD;&#x9B8; &#x9B2;&#x9BF;&#x9AE;&#x9BF;&#x99F;&#x9C7;&#x9A1;,</subfield>
    <subfield code="c">c&#x9E8;&#x9E6;&#x9E6;&#x9ED;&#x964;</subfield>
  </datafield>
  <datafield tag="300" ind1=" " ind2=" ">
    <subfield code="a">[&#x9E7;&#x9E6;], &#x9EA;&#x9ED;&#x9EC; &#x9AA;&#x9C3;&#x9B7;&#x9CD;&#x9A0;&#x9BE; :</subfield>
    <subfield code="b">&#x99A;&#x9BF;&#x9A4;&#x9CD;&#x9B0; ;</subfield>
    <subfield code="c">&#x9E8;&#x9E8; &#x9B8;&#x9C7;&#x9AE;&#x9BF;.&#x964;</subfield>
  </datafield>
  <datafield tag="500" ind1=" " ind2=" ">
    <subfield code="a">&#x9A8;&#x9BF;&#x9B0;&#x9CD;&#x998;&#x9A3;&#x9CD;&#x99F; &#x9B8;&#x9AE;&#x9CD;&#x9AC;&#x9B2;&#x9BF;&#x9A4;&#x964;</subfield>
  </datafield>
  <datafield tag="650" ind1=" " ind2="0">
    <subfield code="a">Hospitals</subfield>
    <subfield code="v">History.</subfield>
  </datafield>
  <datafield tag="942" ind1=" " ind2=" ">
    <subfield code="2">ddc</subfield>
    <subfield code="c">BK</subfield>
  </datafield>
  <datafield tag="952" ind1=" " ind2=" ">
    <subfield code="0">0</subfield>
    <subfield code="1">0</subfield>
    <subfield code="2">ddc</subfield>
    <subfield code="4">0</subfield>
    <subfield code="7">0</subfield>
    <subfield code="a">UAPCL</subfield>
    <subfield code="b">UAPCL</subfield>
    <subfield code="c">General Stacks</subfield>
    <subfield code="d">2020-11-15</subfield>
    <subfield code="o">362.1109 AHM</subfield>
    <subfield code="p">3010010781</subfield>
    <subfield code="r">2020-11-15</subfield>
    <subfield code="t">1</subfield>
    <subfield code="w">2020-11-15</subfield>
    <subfield code="y">BK</subfield>
  </datafield>
</record>
